Ячеечная модель устройства для решения дифференциальных уравнений в частных производных; Известия Томского политехнического университета [Известия ТПУ]; Т. 316, № 5: Управление, вычислительная техника и информатика

Bibliographische Detailangaben
Parent link:Известия Томского политехнического университета [Известия ТПУ]/ Томский политехнический университет (ТПУ).— , 2000-
Т. 316, № 5: Управление, вычислительная техника и информатика.— 2010.— [С. 63-67]
1. Verfasser: Хамухин А. А. Александр Анатольевич
Zusammenfassung:Заглавие с титульного листа
Электронная версия печатной публикации
Представлена одна из возможных реализаций вычислительного процесса на ячейках однородной структуры с приращениями переменных. Рассматриваемая модель предназначена для итерационного решения конечно-разностных аппроксимаций дифференциальных уравнений в частных производных. Показано, что замена полноразрядных переменных их приращениями при передаче между ячейками приводит к ускорению решения и экономии аппаратных средств. Предложено использовать модель при создании специализированных сопроцессоров для повышения производительности универсальных компьютеров при решении указанного класса задач.
Sprache:Russisch
Veröffentlicht: 2010
Schriftenreihe:Управление, вычислительная техника и информатика
Schlagworte:
Online-Zugang:http://www.lib.tpu.ru/fulltext/v/Bulletin_TPU/2010/v316/i5/11.pdf
Format: Elektronisch Buchkapitel
KOHA link:https://koha.lib.tpu.ru/cgi-bin/koha/opac-detail.pl?biblionumber=187125

MARC

LEADER 00000nla2a2200000 4500
001 187125
005 20231215160332.0
035 |a (RuTPU)RU\TPU\book\203048 
035 |a RU\TPU\book\203045 
090 |a 187125 
100 |a 20101110d2010 k y0rusy50 ca 
101 0 |a rus 
102 |a RU 
135 |a drnn ---uucaa 
181 0 |a i  
182 0 |a b 
200 1 |a Ячеечная модель устройства для решения дифференциальных уравнений в частных производных  |f А. А. Хамухин 
203 |a Текст  |c электронный 
215 |a 1 файл (80 Кб) 
225 1 |a Управление, вычислительная техника и информатика 
300 |a Заглавие с титульного листа 
300 |a Электронная версия печатной публикации 
320 |a [Библиогр.: с. 67 (11 назв.)] 
330 |a Представлена одна из возможных реализаций вычислительного процесса на ячейках однородной структуры с приращениями переменных. Рассматриваемая модель предназначена для итерационного решения конечно-разностных аппроксимаций дифференциальных уравнений в частных производных. Показано, что замена полноразрядных переменных их приращениями при передаче между ячейками приводит к ускорению решения и экономии аппаратных средств. Предложено использовать модель при создании специализированных сопроцессоров для повышения производительности универсальных компьютеров при решении указанного класса задач. 
337 |a Adobe Reader 
461 1 |0 (RuTPU)RU\TPU\book\176237  |t Известия Томского политехнического университета [Известия ТПУ]  |f Томский политехнический университет (ТПУ)  |d 2000- 
463 1 |0 (RuTPU)RU\TPU\book\202417  |x 1684-8519  |t Т. 316, № 5: Управление, вычислительная техника и информатика  |v [С. 63-67]  |d 2010  |p 192 с. 
610 1 |a ячеечная модель 
610 1 |a параллельные вычисления 
610 1 |a дифференциальное уравнение в частных производных 
610 1 |a разностные сетки 
610 1 |a приращение переменной 
610 1 |a труды учёных ТПУ 
610 1 |a электронный ресурс 
700 1 |a Хамухин  |b А. А.  |c специалист в области информатики и вычислительной техники  |c доцент Томского политехнического университета, кандидат технических наук  |f 1954-  |g Александр Анатольевич  |3 (RuTPU)RU\TPU\pers\24263  |9 10734 
801 1 |a RU  |b 63413507  |c 20090623  |g PSBO 
801 2 |a RU  |b 63413507  |c 20211222  |g PSBO 
856 4 |u http://www.lib.tpu.ru/fulltext/v/Bulletin_TPU/2010/v316/i5/11.pdf 
942 |c CF